Pocket English Dictionary

Saved in:
Bibliographic Details
Format: Book
Language:English
Published: Essex : Longman Group UK, 1987
Edition:3.vyd.
Tags: Add Tag
No Tags, Be the first to tag this record!

MARC

LEADER 00000nam a22000003a 4500
001 stu29136
005 20150408181125.6
008 950605s1987----uk------------------eng-d
040 |a STU  |b slo 
041 0 |a eng 
044 |a uk 
080 |a 8(038)=20 
245 |a Pocket English Dictionary 
250 |a 3.vyd. 
260 |a Essex :  |b Longman Group UK,  |c 1987 
300 |a 1046 s 
996 |b 284V028608  |c V*36694/O-15354  |l VVT  |s A  |a 24  |w stu29136_0001